skbl

Dr Suryya Kumar Bhuyan Library Web-OPAC
ডঃ সূৰ্য্য
কুমাৰ ভূঞা পুথিভঁৰাল ৱেব-অ'পেক

All Research Scholars are advised to clear the annual library fees to continue using Library Resources, Remote Access, Plagiarism Test and Library Clearance.

Cotton University Book Fair 2026

Education for all (Record no. 62549)

MARC details
000 -LEADER
fixed length control field 00510nam a2200193Ia 4500
001 - CONTROL NUMBER
control field 61440
008 - FIXED-LENGTH DATA ELEMENTS--GENERAL INFORMATION
fixed length control field 170203n2006 ii |||gr||||Z||||||465
020 ## - INTERNATIONAL STANDARD BOOK NUMBER
International Standard Book Number 8189582860
082 ## - DEWEY DECIMAL CLASSIFICATION NUMBER
Classification number 370
100 ## - MAIN ENTRY--PERSONAL NAME
Personal name Bala, Rajani,
Relator term Author.
245 #0 - TITLE STATEMENT
Title Education for all
Statement of responsibility, etc. Edited by Rajani Bala
Medium Textual Documents
250 ## - EDITION STATEMENT
Edition statement 1st ed.
260 ## - PUBLICATION, DISTRIBUTION, ETC.
Place of publication, distribution, etc. J & K
Name of publisher, distributor, etc. Alfa Publishers & Distributors
Date of publication, distribution, etc. 2006
300 ## - PHYSICAL DESCRIPTION
Extent 239p:
Dimensions 23cm.
653 ## - INDEX TERM--UNCONTROLLED
Uncontrolled term Eduacation
653 ## - INDEX TERM--UNCONTROLLED
Uncontrolled term G-Education
653 ## - INDEX TERM--UNCONTROLLED
Uncontrolled term Deptt-Education
942 ## - ADDED ENTRY ELEMENTS (KOHA)
Source of classification or shelving scheme Dewey Decimal Classification
Koha item type Books
Holdings
Withdrawn status Lost status Damaged status Not for loan Collection Home library Current library Shelving location Date acquired Total checkouts Full call number Barcode Date last seen Copy number Price effective from Koha item type
          Dr. Suryya Kumar Bhuyan Library Dr. Suryya Kumar Bhuyan Library   03/02/2017   370 Ba 18 Ed 1369/Edn 14/01/2024 2 03/02/2017 Books
          Dr. Suryya Kumar Bhuyan Library Dr. Suryya Kumar Bhuyan Library   03/02/2017   370 Ba 18 Ed 1368/Edn 14/01/2024 1 03/02/2017 Books

Designed and Maintained by Team SKBL
©1901-2026

Powered by Koha